| 000 | 00349nam a22001337a 4500 | ||
|---|---|---|---|
| 020 | _qHB. | ||
| 040 | _cFIZZA ISHAQ | ||
| 082 |
_a624.1513 _bNAG |
||
| 100 |
_aSIVAKUGAN,NAGARATMAN. _9109729 |
||
| 245 |
_aLABORATORY TESTING OF SOILS ROCKS & AGGREGATES / _cNAGARATMAN SIVAKUGAN. |
||
| 260 |
_bJ.ROSS. _c2014. |
||
| 300 | _a223 P. ; | ||
| 942 |
_2ddc _cBK |
||
| 999 |
_c593501 _d593501 |
||